Music Quiz

Random Music or Network Quiz

Scrambled Singles: Top Tens of 2010 Quiz Stats

 Plays Quiz not verified by Sporcle

Challenge
Share
Tweet
Embed
Score 0/176 Timer 10:00
0 Plays Today
Word Song Title % Correct
TitleCalifornia Gurls
94.4%
.TitleCalifornia Gurls
94.4%
.ArtistCalifornia Gurls
94.4%
.TitleTiK ToK
92.5%
.TitleTiK ToK
92.5%
ArtistTiK ToK
92.5%
TitleTeenage Dream
86%
.TitleTeenage Dream
86%
.ArtistTeenage Dream
86%
TitleBlah Blah Blah
84.1%
TitleBlah Blah Blah
84.1%
TitleBlah Blah Blah
84.1%
.ArtistBlah Blah Blah
84.1%
TitleLike A G6
76.6%
.TitleLike A G6
76.6%
.TitleLike A G6
76.6%
.ArtistLike A G6
76.6%
.TitleHey, Soul Sister
68.2%
TitleHey, Soul Sister
68.2%
TitleHey, Soul Sister
68.2%
.ArtistHey, Soul Sister
68.2%
.TitleRaise Your Glass
67.8%
TitleRaise Your Glass
67.8%
.TitleRaise Your Glass
67.8%
ArtistRaise Your Glass
67.8%
TitleRude Boy
66.8%
TitleRude Boy
66.8%
.ArtistRude Boy
66.8%
TitleImma Be
66.4%
.TitleImma Be
66.4%
ArtistImma Be
66.4%
.TitleLove The Way You Lie
65.9%
.TitleLove The Way You Lie
65.9%
.TitleLove The Way You Lie
65.9%
.TitleLove The Way You Lie
65.9%
.TitleLove The Way You Lie
65.9%
ArtistLove The Way You Lie
65.9%
.TitleWhataya Want From Me
57%
TitleWhataya Want From Me
57%
.TitleWhataya Want From Me
57%
.TitleWhataya Want From Me
57%
ArtistWhataya Want From Me
57%
TitleNeed You Now
56.5%
TitleNeed You Now
56.5%
.TitleNeed You Now
56.5%
ArtistNeed You Now
56.5%
TitleCooler Than Me
55.1%
TitleCooler Than Me
55.1%
.TitleCooler Than Me
55.1%
ArtistCooler Than Me
55.1%
TitleBottoms Up
53.3%
.TitleBottoms Up
53.3%
.ArtistBottoms Up
53.3%
TitleYour Love Is My Drug
51.4%
.TitleYour Love Is My Drug
51.4%
TitleYour Love Is My Drug
51.4%
TitleYour Love Is My Drug
51.4%
.TitleYour Love Is My Drug
51.4%
ArtistYour Love Is My Drug
51.4%
Word Song Title % Correct
TitleDJ Got Us Fallin' In Love
46.3%
.TitleDJ Got Us Fallin' In Love
46.3%
.TitleDJ Got Us Fallin' In Love
46.3%
.TitleDJ Got Us Fallin' In Love
46.3%
.TitleDJ Got Us Fallin' In Love
46.3%
.TitleDJ Got Us Fallin' In Love
46.3%
.ArtistDJ Got Us Fallin' In Love
46.3%
TitleNothin' On You
45.3%
TitleNothin' On You
45.3%
TitleWe R Who We R
45.3%
TitleWe R Who We R
45.3%
.TitleWe R Who We R
45.3%
.TitleWe R Who We R
45.3%
.TitleWe R Who We R
45.3%
.TitleNothin' On You
45.3%
ArtistNothin' On You
45.3%
ArtistWe R Who We R
45.3%
TitleRidin' Solo
43.5%
TitleRidin' Solo
43.5%
.ArtistRidin' Solo
43.5%
TitleCan't Be Tamed
42.1%
TitleCan't Be Tamed
42.1%
TitleCan't Be Tamed
42.1%
ArtistCan't Be Tamed
42.1%
TitleJust The Way You Are
41.1%
.TitleJust The Way You Are
41.1%
.TitleJust The Way You Are
41.1%
.TitleJust The Way You Are
41.1%
.TitleJust The Way You Are
41.1%
ArtistJust The Way You Are
41.1%
TitleSexy Chick
40.2%
TitleSexy Chick
40.2%
ArtistSexy Chick
40.2%
TitleNot Afraid
39.7%
TitleNot Afraid
39.7%
ArtistNot Afraid
39.7%
TitleBack To December
39.3%
TitleBack To December
39.3%
.TitleBack To December
39.3%
.ArtistBack To December
39.3%
TitleToday Was A Fairytale
38.3%
TitleToday Was A Fairytale
38.3%
.TitleToday Was A Fairytale
38.3%
.TitleToday Was A Fairytale
38.3%
.ArtistToday Was A Fairytale
38.3%
TitleClub Can't Handle Me
36.9%
TitleClub Can't Handle Me
36.9%
.TitleClub Can't Handle Me
36.9%
TitleClub Can't Handle Me
36.9%
.ArtistClub Can't Handle Me
36.9%
TitleBreak Your Heart
36.4%
.TitleBreak Your Heart
36.4%
.TitleBreak Your Heart
36.4%
.ArtistBreak Your Heart
36.4%
TitleWhat's My Name?
34.1%
TitleWhat's My Name?
34.1%
.TitleWhat's My Name?
34.1%
.ArtistWhat's My Name?
34.1%
.TitleMy First Kiss
32.2%
Word Song Title % Correct
.TitleMy First Kiss
32.2%
TitleMy First Kiss
32.2%
ArtistMy First Kiss
32.2%
.TitleOnly Girl (In The World)
29%
.TitleOnly Girl (In The World)
29%
TitleOnly Girl (In The World)
29%
.TitleOnly Girl (In The World)
29%
.TitleOnly Girl (In The World)
29%
ArtistOnly Girl (In The World)
29%
TitleJust A Dream
28.5%
TitleJust A Dream
28.5%
.TitleJust A Dream
28.5%
ArtistJust A Dream
28.5%
TitleSpeak Now
27.1%
TitleSpeak Now
27.1%
.ArtistSpeak Now
27.1%
.TitleIn My Head
25.7%
.TitleIn My Head
25.7%
TitleIn My Head
25.7%
.ArtistIn My Head
25.7%
TitleThe Time (Dirty Bit)
24.3%
TitleThe Time (Dirty Bit)
24.3%
.TitleThe Time (Dirty Bit)
24.3%
.TitleThe Time (Dirty Bit)
24.3%
ArtistThe Time (Dirty Bit)
24.3%
.TitleI Like It
23.8%
.TitleI Like It
23.8%
.TitleI Like It
23.8%
.ArtistI Like It
23.8%
TitleSay Aah
22.4%
TitleSay Aah
22.4%
.ArtistSay Aah
22.4%
TitleDo You Remember
21.5%
TitleDo You Remember
21.5%
.TitleDo You Remember
21.5%
.ArtistDo You Remember
21.5%
.TitleTake It Off
20.1%
TitleTake It Off
20.1%
TitleTake It Off
20.1%
.ArtistTake It Off
20.1%
.TitleYoung Forever
18.2%
.TitleYoung Forever
18.2%
.ArtistYoung Forever
18.2%
.TitleFind Your Love
17.8%
.TitleFind Your Love
17.8%
.TitleFind Your Love
17.8%
ArtistFind Your Love
17.8%
TitleRock That Body
16.8%
TitleRock That Body
16.8%
.TitleRock That Body
16.8%
ArtistRock That Body
16.8%
.TitleHow Low
16.4%
TitleHow Low
16.4%
ArtistHow Low
16.4%
TitleRight Above It
14%
.TitleRight Above It
14%
TitleRight Above It
14%
ArtistRight Above It
14%

You're not logged in!

Compare scores with friends on all Sporcle quizzes.
Join for Free
OR
Log In

You Might Also Like...

Show Comments

Extras

Top Quizzes Today


Score Distribution

Your Account Isn't Verified!

In order to create a playlist on Sporcle, you need to verify the email address you used during registration. Go to your Sporcle Settings to finish the process.

Report this User

Report this user for behavior that violates our Community Guidelines.

Details: